00398nam a2200157Ia 4500008004100000041000800041082001800049100002000067245002700087260003300114300000800147365001600155700002000171906003000191999001900221230714s9999 xx 000 0 und d aeng a005.2768bSOM aSomasundaram K. a Programming In Java 2 c2005bJaico Publishing House a717 cRs.b295.00 aSomasundaram K. dB:162/19.09.2005cITb118 c186713d186713